Countries by System of Government - Statistics

General Stats
  • This quiz has been taken 188 times
  • The average score is 13 of 21
Answer Stats
Answer % Correct
One Party States China
94%
One Party States North Korea
90%
City States Vatican City
81%
Absolute Monarchies Vatican City
81%
One Party States Cuba
76%
Absolute Monarchies Saudi Arabia
76%
One Party States Vietnam
76%
Absolute Monarchies Qatar
71%
One Party States Laos
70%
City States Monaco
70%
Absolute Monarchies Oman
65%
Absolute Monarchies United Arab Emirates
64%
Absolute Monarchies Brunei
63%
City States Singapore
63%
Directorial Republics San Marino
50%
Confederations Switzerland
48%
Directorial Republics Switzerland
48%
Military Dictatorships Thailand
44%
Absolute Monarchies Eswatini
43%
Military Dictatorships Sudan
35%
One Party States Eritrea
32%
No matching quizzes found
Score Distribution
Percent of People with Each Score
Percentile by Number Answered
Your Score History
You have not taken this quiz